Mathematicians and education reform : proceedings of the July 6-8, 1988 workshop /

Guardado en:
Autores Corporativos: Conference Board of the Mathematical Sciences., Mathematicians and Education Reform Network NSF Workshop
Otros Autores: Fisher, Naomi. (Editor ), Keynes, Harvey. (Editor ), Wagreich, P. 1941- (Editor )
Formato: Libro
Idioma:English
Publicado: Providence, R.I. : American Mathematical Society in cooperation with Mathematical Association of America, c1990.
Series:Issues in mathematics education, v. 1
Materias:
Etiquetas: Agregar Etiqueta
Sin Etiquetas, Sea el primero en etiquetar este registro!
LEADER 01217pam a2200265 a 4500
001 MAT.inmabb003327
008 891219s1990####riua#####b####100#0#eng##
005 20160614155139.0
245 0 0 |a Mathematicians and education reform :  |b proceedings of the July 6-8, 1988 workshop /  |c Naomi Fisher, Harvey Keynes, Philip Wagreich, editors. 
260 |a Providence, R.I. :  |b American Mathematical Society in cooperation with Mathematical Association of America,  |c c1990. 
300 |a viii, 217 p. :  |b il. ;  |c 26 cm. 
440 0 |a Issues in mathematics education,  |x 1047-398X ;  |v v. 1 
500 |a Cabecera de portada: CBMS, Conference Board of the Mathematical Sciences. 
504 |a Incluye referencias bibliográficas. 
020 |a 0821835009 
700 1 |a Fisher, Naomi.  |4 edt 
700 1 |a Keynes, Harvey.  |4 edt 
700 1 |a Wagreich, P.  |q (Philip),  |d 1941-  |4 edt 
710 2 |a Conference Board of the Mathematical Sciences. 
711 2 |a Mathematicians and Education Reform Network NSF Workshop  |d (1988 :  |c University of Illinois at Chicago) 
650 0 |a Mathematics  |x Study and teaching  |x Congresses. 
084 |a 97-06  |2 msc2000 
010 |a  89018601  
040 |a DLC  |c DLC  |d DLC 
859 |h 97  |i M426-1  |p A-7379  |b BIB. MATEMATICA